12 meses en 20 segundos - Estadísticas

Estadísticas generales
  • Esta prueba ha sido intentada 128 veces
  • La puntuación promedio es 10 de 12
Estadísticas de respuestas
Mes % Correcto
Enero
100%
Abril
95%
Febrero
92%
Marzo
92%
Mayo
87%
Junio
82%
Julio
79%
Septiembre
77%
Agosto
74%
Octubre
67%
Noviembre
64%
Diciembre
59%
No se encontraron pruebas coincidentes
Distribución de puntuación
Porcentaje de gente con cada puntuación
Porcentaje por número respondido
Historial de tus puntuaciones
No has intentado esta prueba.